| 000 | 00389nam a2200145Ia 4500 | ||
|---|---|---|---|
| 008 | 220204s9999 xx 000 0 und d | ||
| 082 |
_a575:631 _bBRE |
||
| 100 | _aBREWBAKER, James L | ||
| 245 | 0 | _aAgricultural genetics | |
| 260 |
_aNew Jersey _bPrentice Hall _c1964 |
||
| 490 | _aFoundations of modern genetics | ||
| 650 | _aAgricultural genetics | ||
| 650 | _aPolyploidy | ||
| 942 | _cBK | ||
| 999 |
_c25514 _d25514 |
||